Hindī ke sarvaśreshṭha prema gīta. (Record no. 73108)

MARC details
000 -LEADER
fixed length control field 00604cam a22002171 4500
001 - CONTROL NUMBER
control field sa 67002193
003 - CONTROL NUMBER IDENTIFIER
control field DLC
005 - DATE AND TIME OF LATEST TRANSACTION
control field 20260227112329.0
008 - FIXED-LENGTH DATA ELEMENTS--GENERAL INFORMATION
fixed length control field 890727q19601967ii 000 0 hino
010 ## - LIBRARY OF CONGRESS CONTROL NUMBER
LC control number sa 67002193
035 ## - SYSTEM CONTROL NUMBER
System control number (OCoLC)20081884
040 ## - CATALOGING SOURCE
Original cataloging agency DLC
Transcribing agency WaU
Modifying agency NRU
-- DLC
042 ## - AUTHENTICATION CODE
Authentication code premarc
050 00 - LIBRARY OF CONGRESS CALL NUMBER
Classification number PK2057
Item number .K73
100 0# - MAIN ENTRY--PERSONAL NAME
Personal name Kshem Chandra,
Dates associated with a name 1917-
245 10 - TITLE STATEMENT
Title Hindī ke sarvaśreshṭha prema gīta.
Statement of responsibility, etc. Sampādaka Kshemacandra 'Sumana'.
260 ## - PUBLICATION, DISTRIBUTION, ETC.
Place of publication, distribution, etc. Dillī,
Name of publisher, distributor, etc. Hinda Paukeṭa Buksa
Date of publication, distribution, etc. [196-]
300 ## - PHYSICAL DESCRIPTION
Extent 144 p.
Dimensions 18 cm.
500 ## - GENERAL NOTE
General note In Hindi.
650 #0 - SUBJECT ADDED ENTRY--TOPICAL TERM
Topical term or geographic name entry element Love poetry, Hindi.

No items available.

Powered by Koha